|
|
|
|
| LEADER |
01093nam a2200301 a 4500 |
| 001 |
28815 |
| 003 |
BD-DhAAL |
| 005 |
20150111112956.0 |
| 008 |
150111s1995 cau 000 0 eng |
| 010 |
|
|
|a 95043687
|
| 020 |
|
|
|a 0932716377 (alk. paper)
|
| 040 |
|
|
|a DLC
|c DLC
|d DLC
|d BD-DhAAL
|
| 050 |
0 |
0 |
|a PS3554.I355
|b W66 1995
|
| 082 |
0 |
0 |
|a 811/.54
|2 20
|
| 100 |
1 |
|
|a Dienstfrey, Patricia.
|9 7314
|
| 245 |
1 |
4 |
|a The woman without experiences /
|c Patricia Dienstfrey.
|
| 250 |
|
|
|a 1st ed.
|
| 260 |
|
|
|a Berkeley, CA :
|b Kelsey St. Press,
|c 1995.
|
| 300 |
|
|
|a 129 p. ;
|c 23 cm.
|
| 504 |
|
|
|a Includes bibliographical references.
|
| 541 |
|
|
|e 28815
|
| 650 |
|
0 |
|a Mother and child
|x Poetry.
|9 7315
|
| 650 |
|
0 |
|a Motherhood
|x Poetry.
|9 7316
|
| 650 |
|
0 |
|a Mothers
|x Poetry.
|9 7317
|
| 650 |
|
0 |
|a Women
|x Poetry.
|9 7318
|
| 942 |
|
|
|2 ddc
|c BK
|
| 999 |
|
|
|c 33450
|d 33450
|
| 952 |
|
|
|0 0
|1 0
|2 ddc
|4 0
|6 811_540000000000000_DIE
|7 0
|9 44711
|a BRACUL
|b BRACUL
|c GEN
|d 2015-01-11
|e BRAC Institute of Language (BIL)
|l 2
|m 14
|o 811.54 DIE
|p 3010028815
|r 2026-04-29
|s 2026-01-06
|t 1
|w 2015-01-11
|y BK
|x Transferred from BIL to BRACUL on 06/06/22
|